| 000 | 004400000a22001810004500 | ||
|---|---|---|---|
| 003 | MACL | ||
| 005 | 20150826151442.0 | ||
| 008 | 150826b xxu||||| |||| 00| 0 eng d | ||
| 040 |
_aMACL _cMACL |
||
| 041 | _aEnglish | ||
| 082 | _a780/JOS | ||
| 100 |
_aJoshi, O.P. _97607 |
||
| 245 | _aSociology Of Oriental Music | ||
| 260 |
_bIllustrated Book Publishers _c1992 _aJaipur |
||
| 350 | _a470 | ||
| 650 |
_aMusic _97608 |
||
| 942 |
_cBK _k780 _2ddc |
||
| 999 |
_c3107 _d3107 |
||